[Event "DEM U10/U10w 2006"]
[Site "Willingen GER"]
[Date "2006.06.07"]
[Round "7"]
[White "Kyas, Philipp"]
[Black "Xu, Xianliang"]
[Result "1-0"]
[Termination "normal"]
[Board "1"]
[WhiteElo "1506"]
[BlackElo "1542"]
[PlyCount "163"]
[WhiteFideId "24670936"]
[BlackFideId "4603230"]
[EventCountry "GER"]
[EventRounds "11"]
[EventType "swiss"]
[EventDate "2006.06.03"]

1. d4 Nf6 2. Nf3 d5 3. Bf4 c5 4. e3 Qb6 5. Qc1 Nc6 6. c3 Bf5 7. Nbd2 e6 8. Be2
Be7 9. O-O O-O 10. dxc5 Bxc5 11. Nb3 Be7 12. Nbd4 Bg6 13. Nxc6 bxc6 14. Ne5 Bf5
15. g4 Bg6 16. g5 Nh5 17. Nd7 Nxf4 18. exf4 Qc7 19. Nxf8 Rxf8 20. f5 Bxf5 21.
f4 Bh3 22. Rf3 Bg4 23. Rf2 Bf5 24. b4 f6 25. h4 fxg5 26. hxg5 Bd6 27. Qd2 Be4
28. Raf1 Qb6 29. Kh2 Rf5 30. Kh3 c5 31. Bg4 Rf8 32. Bxe6+ Kh8 33. a3 cxb4 34.
axb4 Bf5+ 35. Bxf5 Rxf5 36. Qd4 Qxd4 37. cxd4 Bxb4 38. Re2 g6 39. Kg4 a5 40.
Re5 Rf7 41. Rxd5 a4 42. Rd8+ Kg7 43. Rb1 Bd2 44. Rf1 Ra7 45. Ra1 a3 46. Ra2 Bc1
47. Rc8 Bb2 48. d5 Rd7 49. Rc5 Kf7 50. Kf3 Ke7 51. Ke4 Kf7 52. Rb5 Re7+ 53. Kd3
Rd7 54. Raxb2 axb2 55. Kd4 Ke7 56. Rxb2 Kd6 57. Rb6+ Ke7 58. Re6+ Kf7 59. Ke5
Ra7 60. Rc6 Ke7 61. d6+ Kd8 62. Ke6 Ra1 63. Rc5 Ra4 64. f5 gxf5 65. Rxf5 Re4+
66. Kf6 Kd7 67. Kg7 Kxd6 68. Kxh7 Ke6 69. Rf6+ Ke7 70. Kg7 Re5 71. g6 Rg5 72.
Ra6 Rg3 73. Kg8 Rh3 74. g7 Rh1 75. Ra7+ Ke8 76. Ra4 Re1 77. Rf4 Re2 78. Rh4 Rg2
79. Kh8 Kf7 80. Rf4+ Ke6 81. g8=Q+ Rxg8+ 82. Kxg8 {Nach Angabe auf den
Formularen dauerte die Partie noch ca. weitere 20 Züge... später 1:0} 1-0

[Event "DEM U10/U10w 2006"]
[Site "Willingen GER"]
[Date "2006.06.07"]
[Round "7"]
[White "Große, Christian"]
[Black "Noe, Christopher"]
[Result "1/2-1/2"]
[Termination "normal"]
[Board "2"]
[WhiteElo "1552"]
[BlackElo "1555"]
[PlyCount "55"]
[WhiteFideId "24646156"]
[BlackFideId "24692018"]
[EventCountry "GER"]
[EventRounds "11"]
[EventType "swiss"]
[EventDate "2006.06.03"]

1. e4 e5 2. Nf3 Nc6 3. d4 exd4 4. Bc4 Nf6 5. O-O Nxe4 6. Re1 d5 7. Bxd5 Qxd5 8.
Nc3 Qh5 9. Nxe4 Be6 10. Nxd4 Qxd1 11. Rxd1 O-O-O 12. Be3 Nxd4 13. Bxd4 a6 14.
a3 f6 15. Be3 Be7 16. Re1 Bf5 17. Bf4 Rhe8 18. f3 Bxe4 19. fxe4 Bc5+ 20. Kf1
Bd4 21. c3 Be5 22. Bxe5 Rxe5 23. Re2 Rde8 24. Rae1 Kd7 25. Kf2 Kc6 26. b3 g6
27. Re3 h6 28. Kf3 1/2-1/2

[Event "DEM U10/U10w 2006"]
[Site "Willingen GER"]
[Date "2006.06.07"]
[Round "7"]
[White "Abdelrasek, Ahmed"]
[Black "Moritz, Aron"]
[Result "1/2-1/2"]
[Termination "normal"]
[Board "3"]
[WhiteElo "1418"]
[BlackElo "1237"]
[PlyCount "45"]
[BlackFideId "24672319"]
[EventCountry "GER"]
[EventRounds "11"]
[EventType "swiss"]
[EventDate "2006.06.03"]

1. d4 d5 2. c4 e6 3. Nc3 Nf6 4. Bf4 a6 5. Nf3 Be7 6. e3 Nc6 7. Bd3 Nh5 8. Bg3
Nxg3 9. fxg3 Nb4 10. Be2 dxc4 11. Bxc4 c5 12. O-O O-O 13. a3 Nc6 14. Bd3 cxd4
15. exd4 Nxd4 16. Nxd4 Qxd4+ 17. Kh1 Rd8 18. Rf3 g6 19. Qc2 Bd7 20. Rd1 Qc5 21.
Rdf1 f5 22. Qe2 b5 23. Rc1 1/2-1/2

[Event "DEM U10/U10w 2006"]
[Site "Willingen GER"]
[Date "2006.06.07"]
[Round "7"]
[White "Grewenig, Jan"]
[Black "Osmanodja, Filiz"]
[Result "0-1"]
[Termination "normal"]
[Board "4"]
[WhiteElo "1409"]
[BlackElo "1609"]
[PlyCount "36"]
[WhiteFideId "4657330"]
[BlackFideId "24633569"]
[EventCountry "GER"]
[EventRounds "11"]
[EventType "swiss"]
[EventDate "2006.06.03"]

1. e4 c5 2. Nf3 d6 3. d4 cxd4 4. Nxd4 Nf6 5. Nc3 g6 6. Be3 Bg7 7. Be2 O-O 8.
Qd2 Ng4 9. Bxg4 Bxg4 10. f3 Bd7 11. O-O-O Nc6 12. g4 Ne5 13. Bh6 Nc4 14. Qg5 e5
15. Nb3 Bf6 16. Qxf6 Qxf6 17. Nd5 Qh4 18. g5 f6 0-1

[Event "DEM U10/U10w 2006"]
[Site "Willingen GER"]
[Date "2006.06.07"]
[Round "7"]
[White "Lebeda, Timo"]
[Black "Galkin, Wladislaw"]
[Result "0-1"]
[Termination "normal"]
[Board "5"]
[WhiteElo "1496"]
[BlackElo "1457"]
[PlyCount "94"]
[WhiteFideId "4638565"]
[BlackFideId "4603192"]
[EventCountry "GER"]
[EventRounds "11"]
[EventType "swiss"]
[EventDate "2006.06.03"]

1. e4 c5 2. d4 cxd4 3. c3 dxc3 4. Nxc3 Nc6 5. Nf3 e6 6. Bc4 Qc7 7. Bb3 Be7 8.
O-O Nf6 9. Qe2 Ng4 10. h3 Nd4 11. hxg4 Nxe2+ 12. Nxe2 O-O 13. Bf4 d6 14. Rac1
Qb8 15. Rfd1 Bd7 16. e5 d5 17. Bxd5 exd5 18. e6 Qe8 19. exd7 Qxd7 20. Rc7 Qd8
21. Nc3 Bd6 22. Rxb7 Bxf4 23. Nxd5 Kh8 24. Nc3 Qa5 25. Rd5 Qa6 26. Rbd7 Rab8
27. g3 Bc1 28. R5d6 Qc4 29. Nd5 Bxb2 30. Ne5 Bxe5 31. Ne3 Rb1+ 32. Kh2 Qc1 33.
Rd1 Qc6 34. Rd8 Rb8 35. Rxb8 Rxb8 36. Nf5 Qc2 37. Rf1 Rb1 38. Ne3 Rxf1 39. Nxc2
Rxf2+ 40. Kg1 Rxc2 41. Kf1 Rxa2 42. Ke1 a5 43. Kd1 a4 44. Kc1 a3 45. Kb1 Rh2
46. g5 a2+ 47. Kc1 a1=R# 0-1

[Event "DEM U10/U10w 2006"]
[Site "Willingen GER"]
[Date "2006.06.07"]
[Round "7"]
[White "Toker, David"]
[Black "Gamisch, Laura"]
[Result "1/2-1/2"]
[Termination "normal"]
[Board "6"]
[WhiteElo "1118"]
[BlackElo "1226"]
[PlyCount "82"]
[BlackFideId "24615161"]
[EventCountry "GER"]
[EventRounds "11"]
[EventType "swiss"]
[EventDate "2006.06.03"]

1. d4 Nf6 2. c4 g6 3. Nc3 Bg7 4. e4 d6 5. Nf3 O-O 6. Be2 b6 7. O-O c5 8. d5 Re8
9. Re1 a6 10. a3 Bd7 11. h3 h6 12. Rb1 Nh7 13. Qc2 a5 14. Nh2 Qc8 15. Bg4 h5
16. Bxd7 Nxd7 17. Be3 Qa6 18. b3 Ne5 19. Ne2 Qc8 20. Ng3 Qc7 21. Bf4 Qc8 22.
Bxe5 Bxe5 23. Qd3 Bg7 24. a4 Rb8 25. f4 Bd4+ 26. Kh1 e5 27. fxe5 Bxe5 28. Re2
h4 29. Ngf1 Qd8 30. Ne3 Qe7 31. Neg4 Bg7 32. Rf1 Nf6 33. Nxf6+ Bxf6 34. Ref2
Bd4 35. Rxf7 Qxf7 36. Rxf7 Kxf7 37. Nf3 Bf6 38. Kg1 Re7 39. Qf1 Kg7 40. Qd3
Rbe8 41. Nd2 Bd4+ 1/2-1/2

[Event "DEM U10/U10w 2006"]
[Site "Willingen GER"]
[Date "2006.06.07"]
[Round "7"]
[White "Möhn, Hans"]
[Black "Weber, Clemens"]
[Result "1-0"]
[Termination "normal"]
[Board "7"]
[WhiteElo "1580"]
[BlackElo "1174"]
[PlyCount "79"]
[WhiteFideId "24647837"]
[BlackFideId "12927813"]
[EventCountry "GER"]
[EventRounds "11"]
[EventType "swiss"]
[EventDate "2006.06.03"]

1. e4 e5 2. Nf3 Nc6 3. Bc4 Be7 4. O-O Nf6 5. d4 exd4 6. e5 Ne4 7. Bd5 Nc5 8.
Re1 Ne6 9. Nbd2 O-O 10. Nb3 d6 11. Bxc6 bxc6 12. Nbxd4 Nxd4 13. Nxd4 c5 14.
exd6 cxd6 15. Nc6 Qc7 16. Nxe7+ Kh8 17. Nxc8 Raxc8 18. Bf4 Rcd8 19. c4 Rg8 20.
Re3 g5 21. Bg3 f5 22. f4 Qg7 23. Qe2 Rdf8 24. Rd1 Rd8 25. Rd5 Qg6 26. Re6 Qg7
27. Rxf5 gxf4 28. Rxf4 Rb8 29. Re7 Qg6 30. Rff7 Qb1+ 31. Kf2 Rgf8 32. Be5+ Kg8
33. Qg4+ Qg6 34. Qxg6+ hxg6 35. Rxf8+ Rxf8+ 36. Kg3 dxe5 37. Rxe5 Rc8 38. Kg4
Kf7 39. h4 Kf6 40. Rd5 1-0

[Event "DEM U10/U10w 2006"]
[Site "Willingen GER"]
[Date "2006.06.07"]
[Round "7"]
[White "Günthner, Arthur"]
[Black "Engshuber, Maximilian"]
[Result "0-1"]
[Termination "normal"]
[Board "8"]
[WhiteElo "1674"]
[BlackElo "1228"]
[PlyCount "102"]
[EventCountry "GER"]
[EventRounds "11"]
[EventType "swiss"]
[EventDate "2006.06.03"]

1. d4 d5 2. c4 dxc4 3. e4 e6 4. Be3 Nf6 5. e5 Nd5 6. Bxc4 Nxe3 7. fxe3 c5 8.
Ne2 Nc6 9. O-O Be7 10. Nbc3 O-O 11. Bb3 b6 12. a3 Bb7 13. Qd3 Bg5 14. Bc2 g6
15. Ne4 f6 16. Nxg5 fxg5 17. Rxf8+ Qxf8 18. Rf1 Qe7 19. Bb3 Rd8 20. Rf6 Nxe5
21. Rxe6 Nxd3 22. Rxe7+ Bd5 23. Bxd5+ Rxd5 24. dxc5 Rxc5 25. b4 Rc2 26. Ng3 a5
27. Rd7 Ne5 28. Rd5 Rc1+ 29. Kf2 Ng4+ 30. Ke2 Rc2+ 31. Kd3 Rxg2 32. bxa5 bxa5
33. Rxg5 Nxh2 34. Ne4 Rxg5 35. Nxg5 Ng4 36. e4 h5 37. Kd4 Kf8 38. Kc5 h4 39.
Nh3 Ke7 40. Kb5 Kf6 41. Kxa5 g5 42. Kb6 Ne5 43. a4 g4 44. a5 gxh3 45. a6 h2 46.
a7 h1=Q 47. a8=Q Qb1+ 48. Kc7 Qc2+ 49. Kb6 Nd7+ 50. Kb5 Qc5+ 51. Ka4 Nb6+ 0-1

[Event "DEM U10/U10w 2006"]
[Site "Willingen GER"]
[Date "2006.06.07"]
[Round "7"]
[White "Scheel, Henrik"]
[Black "Blübaum, Matthias"]
[Result "0-1"]
[Termination "normal"]
[Board "9"]
[WhiteElo "1173"]
[BlackElo "1475"]
[PlyCount "104"]
[WhiteFideId "24692115"]
[BlackFideId "24651516"]
[EventCountry "GER"]
[EventRounds "11"]
[EventType "swiss"]
[EventDate "2006.06.03"]

1. e4 e6 2. Nf3 d5 3. exd5 exd5 4. Be2 Bd6 5. O-O Ne7 6. c4 d4 7. d3 c5 8. Bg5
f6 9. Bh4 Nbc6 10. Nbd2 Bf5 11. a3 O-O 12. Bg3 Bxg3 13. fxg3 Qd7 14. Nb3 b6 15.
Nh4 Be6 16. Nd2 Ne5 17. Nhf3 Nxf3+ 18. Bxf3 Rad8 19. Re1 Nf5 20. Nf1 Ne7 21.
Qe2 Kf7 22. Qe4 Bf5 23. Qe2 Rfe8 24. Rad1 Ng6 25. Qd2 Ne5 26. Bd5+ Kf8 27. Qc2
b5 28. Be4 bxc4 29. dxc4 Bxe4 30. Rxe4 Qf5 31. Qb1 d3 32. Rf4 Qe6 33. b3 Rb8
34. Ne3 Qb6 35. Nd5 Qxb3 36. Qxb3 Rxb3 37. Nc7 Re7 38. Nd5 Reb7 39. a4 Rb1 40.
Rff1 Rxd1 41. Rxd1 Rb3 42. Nf4 Kf7 43. Kf2 Ra3 44. Ke3 Nxc4+ 45. Ke4 d2 46. Nd3
f5+ 47. Kf4 Rxd3 48. h3 Nb2 49. Rb1 d1=Q 50. Rxd1 Rxd1 51. Kxf5 Rd4 52. a5 h6
0-1

[Event "DEM U10/U10w 2006"]
[Site "Willingen GER"]
[Date "2006.06.07"]
[Round "7"]
[White "Rührmund, Daniel"]
[Black "Mainik, Philipp"]
[Result "1-0"]
[Termination "normal"]
[Board "10"]
[WhiteElo "1470"]
[BlackElo "1258"]
[PlyCount "71"]
[WhiteFideId "24674583"]
[BlackFideId "4638646"]
[EventCountry "GER"]
[EventRounds "11"]
[EventType "swiss"]
[EventDate "2006.06.03"]

1. e4 c5 2. Nf3 d6 3. d4 cxd4 4. Nxd4 Nf6 5. Nc3 a6 6. Bc4 e6 7. a3 Nbd7 8. Ba2
Nc5 9. Qe2 Be7 10. O-O O-O 11. b4 Ncd7 12. Bxe6 fxe6 13. Nxe6 Qe8 14. Nc7 Qd8
15. Nxa8 b5 16. Bf4 Bb7 17. Rad1 Nxe4 18. Nxe4 Rxf4 19. Nxd6 Bxd6 20. Rxd6 Bxa8
21. Qe6+ Rf7 22. Rfd1 Qg5 23. g3 Nf8 24. f4 Nxe6 25. fxg5 Bf3 26. Rf1 Bg4 27.
Rxf7 Kxf7 28. Rxa6 Nxg5 29. a4 bxa4 30. Rxa4 Nf3+ 31. Kf2 Nxh2 32. b5 Bd7 33.
Ra7 Ng4+ 34. Kf3 Ne5+ 35. Ke4 Ke6 36. Ra6+ 1-0

[Event "DEM U10/U10w 2006"]
[Site "Willingen GER"]
[Date "2006.06.07"]
[Round "7"]
[White "Wagner, Dennis"]
[Black "Bauer, Andreas"]
[Result "1-0"]
[Termination "normal"]
[Board "12"]
[WhiteElo "1225"]
[BlackElo "1438"]
[PlyCount "123"]
[WhiteFideId "24650684"]
[BlackFideId "4625030"]
[EventCountry "GER"]
[EventRounds "11"]
[EventType "swiss"]
[EventDate "2006.06.03"]

1. e4 g6 2. d4 Bg7 3. Nc3 c6 4. Nf3 d5 5. h3 dxe4 6. Nxe4 Nd7 7. Bc4 Nb6 8. Bb3
Nh6 9. Qe2 O-O 10. c3 Nf5 11. h4 Nd6 12. Nfg5 Nxe4 13. Nxe4 Nd5 14. h5 Nf6 15.
Nxf6+ Bxf6 16. hxg6 hxg6 17. Qd3 Bf5 18. Qe3 Bg7 19. Qg3 e6 20. Qh2 f6 21. Bh6
Qe7 22. Bxg7 Qxg7 23. O-O-O a5 24. a3 b5 25. Rde1 Rfe8 26. Qh4 b4 27. cxb4 axb4
28. a4 Rac8 29. g4 g5 30. Qh3 Bg6 31. Bxe6+ Rxe6 32. Rxe6 Bf7 33. Re7 c5 34. d5
c4 35. d6 Rd8 36. Rc7 Kf8 37. Qh8+ Qxh8 38. Rxh8+ Bg8 39. d7 Ke7 40. Ra7 Be6
41. Rxd8 Kxd8 42. Rb7 b3 43. f3 Bxd7 44. Rxd7+ Kxd7 45. Kd2 Kc6 46. Kc3 Kc5 47.
a5 Kb5 48. a6 Kxa6 49. Kxc4 Kb6 50. Kxb3 Kc5 51. Kc3 Kd5 52. Kd3 Ke5 53. Ke3 f5
54. b4 fxg4 55. fxg4 Kd5 56. b5 Kc5 57. Ke4 Kxb5 58. Kf5 Kc6 59. Kxg5 Kd7 60.
Kh6 Ke7 61. g5 Kf7 62. Kh7 1-0

[Event "DEM U10/U10w 2006"]
[Site "Willingen GER"]
[Date "2006.06.07"]
[Round "7"]
[White "Müller, Georg"]
[Black "Takeuchi, Eiki"]
[Result "1-0"]
[Termination "normal"]
[Board "13"]
[WhiteElo "1402"]
[BlackElo "1065"]
[PlyCount "175"]
[WhiteFideId "24690210"]
[BlackFideId "24663751"]
[EventCountry "GER"]
[EventRounds "11"]
[EventType "swiss"]
[EventDate "2006.06.03"]

1. d4 d5 2. e3 Nf6 3. Bd3 e6 4. f4 c5 5. c3 Nc6 6. Nf3 Bd6 7. Nbd2 Qc7 8. Ne5
O-O 9. O-O b6 10. Qf3 Bb7 11. g4 Nd7 12. Qh3 h6 13. g5 c4 14. Bc2 Rfe8 15. gxh6
g6 16. h7+ Kg7 17. Ng4 Kh8 18. Rf3 Bf8 19. Ne5 Ndxe5 20. fxe5 Bg7 21. e4 Rf8
22. exd5 exd5 23. Nf1 Rae8 24. Bg5 Qc8 25. Qh4 Qe6 26. Ng3 Ne7 27. Raf1 Bc8 28.
Ba4 Nc6 29. Bxc6 Qxc6 30. Be7 Qc7 31. Bxf8 Rxf8 32. R1f2 Be6 33. Rg2 Qd8 34.
Qxd8 Rxd8 35. Ne2 Bf5 36. Rgf2 Rd7 37. Re3 b5 38. Nf4 Bh6 39. b3 Kxh7 40. bxc4
bxc4 41. Re1 Be4 42. Re3 Bf5 43. Re1 Bg5 44. h4 Bd8 45. Rh2 Ba5 46. Rc1 Bc7 47.
h5 g5 48. Nh3 f6 49. Re1 Kh6 50. Nf2 Re7 51. Nd1 a5 52. Rhe2 Bg4 53. Rf2 fxe5
54. Ne3 Bxh5 55. Nf5+ Kh7 56. Nxe7 exd4 57. Nf5 Bb6 58. cxd4 g4 59. Re6 g3 60.
Rh6+ Kg8 61. Rg2 Bc7 62. Rxh5 Kf7 63. Rh7+ Kf6 64. Rxc7 Kxf5 65. Rxg3 Ke4 66.
Kf2 Kxd4 67. Ke2 Ke4 68. Re7+ Kd4 69. Ree3 Kc5 70. Rg8 a4 71. a3 Kd4 72. Kd2
c3+ 73. Rxc3 Ke4 74. Rg4+ Ke5 75. Rxa4 Kd6 76. Rd4 Ke5 77. Kd3 Kd6 78. a4 Ke6
79. a5 Ke5 80. a6 Kd6 81. a7 Ke6 82. a8=Q Kf5 83. Qxd5+ Kf6 84. Rc6+ Ke7 85.
Re4+ Kf8 86. Rf6+ Kg7 87. Qg5+ Kh7 88. Rh4# 1-0

[Event "DEM U10/U10w 2006"]
[Site "Willingen GER"]
[Date "2006.06.07"]
[Round "7"]
[White "Peil, Christoph"]
[Black "Eigemann, Frederik"]
[Result "0-1"]
[Termination "normal"]
[Board "14"]
[WhiteElo "1339"]
[BlackElo "1372"]
[PlyCount "80"]
[WhiteFideId "24651800"]
[BlackFideId "24692034"]
[EventCountry "GER"]
[EventRounds "11"]
[EventType "swiss"]
[EventDate "2006.06.03"]

1. d4 d5 2. c4 e6 3. Nc3 Nf6 4. Bg5 c6 5. Nf3 Nbd7 6. e3 Bb4 7. Qb3 Qa5 8. Be2
Ne4 9. Rc1 Nxg5 10. Nxg5 Bxc3+ 11. bxc3 dxc4 12. Bxc4 Qxg5 13. O-O Nb6 14. Be2
Qd5 15. c4 Qg5 16. f4 Qe7 17. Rf3 Bd7 18. Rg3 g6 19. Rb1 Bc8 20. Qb2 Rf8 21.
Qb3 Nd7 22. a4 Nf6 23. Bd3 Nh5 24. Rf3 Nf6 25. a5 Qc7 26. Qa3 Rb8 27. h3 b6 28.
axb6 Rxb6 29. Rff1 Rxb1 30. Rxb1 Nd7 31. Be4 c5 32. d5 exd5 33. Bxd5 Nb6 34.
Rd1 Bd7 35. Qd3 Nxd5 36. Qxd5 Be6 37. Qe4 Ke7 38. g4 Kf6 39. Rb1 Rb8 40. Rd1
Rb4 0-1

[Event "DEM U10/U10w 2006"]
[Site "Willingen GER"]
[Date "2006.06.07"]
[Round "7"]
[White "Knopf, Felix"]
[Black "Nöttling, Dominik"]
[Result "0-1"]
[Termination "normal"]
[Board "15"]
[WhiteElo "1251"]
[BlackElo "1503"]
[PlyCount "80"]
[WhiteFideId "24692204"]
[BlackFideId "24672807"]
[EventCountry "GER"]
[EventRounds "11"]
[EventType "swiss"]
[EventDate "2006.06.03"]

1. c4 c5 2. Nc3 Nf6 3. e4 Nc6 4. d3 g6 5. Nf3 Bg7 6. Be2 O-O 7. Bg5 d6 8. Qd2
Bg4 9. O-O e5 10. Nd5 Re8 11. h3 Be6 12. Bxf6 Bxf6 13. Rab1 Bg7 14. a3 Rb8 15.
b4 b6 16. b5 Ne7 17. Nxe7+ Qxe7 18. a4 f5 19. Rfd1 Qb7 20. Qe3 f4 21. Qd2 a6
22. Ra1 axb5 23. axb5 Ra8 24. Ng5 Bd7 25. Nf3 Ra7 26. Rxa7 Qxa7 27. Qb2 Ra8 28.
Rb1 Qa2 29. Kh2 h6 30. h4 Bf6 31. g3 fxg3+ 32. fxg3 Bg4 33. Kg2 g5 34. hxg5
Bxg5 35. Nxg5 Bxe2 36. Kf2 Bxd3 37. Ke3 Bxb1 38. Qxa2 Bxa2 39. Nf3 Bxc4 40. Kf2
Bxb5 0-1

[Event "DEM U10/U10w 2006"]
[Site "Willingen GER"]
[Date "2006.06.07"]
[Round "7"]
[White "Carmesin, Matthias"]
[Black "Höpfner, Tim"]
[Result "1-0"]
[Termination "normal"]
[Board "16"]
[WhiteElo "1379"]
[BlackElo "1265"]
[PlyCount "81"]
[WhiteFideId "4635965"]
[BlackFideId "4638310"]
[EventCountry "GER"]
[EventRounds "11"]
[EventType "swiss"]
[EventDate "2006.06.03"]

1. e4 c5 2. Nf3 d6 3. d4 cxd4 4. Nxd4 Nf6 5. Nc3 a6 6. f3 b5 7. Be3 Nbd7 8. Qd2
Bb7 9. g4 Nb6 10. h4 e6 11. O-O-O Rc8 12. Bh3 Nfd7 13. g5 Nc4 14. Qe2 Nxe3 15.
Qxe3 Qb6 16. Qd2 b4 17. Nce2 Nc5 18. Kb1 a5 19. h5 d5 20. exd5 Bxd5 21. Nf4 Rd8
22. Qe3 Be7 23. g6 Bg5 24. gxf7+ Kxf7 25. Rhg1 Bf6 26. Nxd5 Rxd5 27. Nxe6 Re5
28. Ng5+ Rxg5 29. Rxg5 Bxg5 30. Qxg5 Rf8 31. Qd5+ Ne6 32. Re1 Re8 33. f4 Kf6
34. Qe5+ Kf7 35. Rd1 h6 36. b3 Nc5 37. Qd5+ Kf8 38. Bf5 Nb7 39. Bg6 Re7 40.
Qf5+ Qf6 41. Qc8+ 1-0

[Event "DEM U10/U10w 2006"]
[Site "Willingen GER"]
[Date "2006.06.07"]
[Round "7"]
[White "Plotkin, Alex"]
[Black "Müller, Alexandra"]
[Result "1-0"]
[Termination "normal"]
[Board "17"]
[WhiteElo "1364"]
[BlackElo "1149"]
[PlyCount "97"]
[BlackFideId "24691496"]
[EventCountry "GER"]
[EventRounds "11"]
[EventType "swiss"]
[EventDate "2006.06.03"]

1. e4 e5 2. Nf3 Nc6 3. Bb5 a6 4. Ba4 Nf6 5. O-O Bc5 6. c3 O-O 7. Re1 b5 8. Bb3
Bb6 9. d4 d6 10. h3 h6 11. a4 Bb7 12. Bc2 Re8 13. d5 Ne7 14. c4 bxc4 15. Na3 c6
16. dxc6 Nxc6 17. Nxc4 Bc7 18. b3 Nb4 19. Bb1 Nc6 20. Ba3 Re6 21. Ra2 Ne8 22.
Rd2 Qe7 23. Ne3 Ba5 24. Nd5 Qf8 25. b4 Bd8 26. Ba2 Rb8 27. Re3 Rg6 28. Red3 Nc7
29. Ne3 Be7 30. Nc4 Rd8 31. b5 Nb8 32. Nxd6 Bxd6 33. Bxd6 Rdxd6 34. Rxd6 Rxd6
35. Rxd6 Ne6 36. Bxe6 fxe6 37. Rd8 Qxd8 38. Qxd8+ Kh7 39. Nxe5 axb5 40. h4 Bxe4
41. h5 Nc6 42. Nxc6 Bxc6 43. axb5 Bxb5 44. f4 Bc4 45. g4 g5 46. Qe7+ Kg8 47.
fxg5 hxg5 48. h6 e5 49. Qg7# 1-0

[Event "DEM U10/U10w 2006"]
[Site "Willingen GER"]
[Date "2006.06.07"]
[Round "7"]
[White "Svane, Rasmus"]
[Black "Sasse, Fabius"]
[Result "1/2-1/2"]
[Termination "normal"]
[Board "18"]
[WhiteElo "1034"]
[BlackElo "1337"]
[PlyCount "69"]
[WhiteFideId "4657101"]
[BlackFideId "24659657"]
[EventCountry "GER"]
[EventRounds "11"]
[EventType "swiss"]
[EventDate "2006.06.03"]

1. e4 c5 2. Nf3 Nc6 3. d4 cxd4 4. Nxd4 Nf6 5. Nc3 e5 6. Ndb5 d6 7. Bg5 a6 8.
Na3 b5 9. Nd5 Be7 10. Bxf6 Bxf6 11. c3 Be6 12. Be2 O-O 13. Nxf6+ gxf6 14. O-O
Ne7 15. Nc2 d5 16. exd5 Qxd5 17. Ne3 Qxd1 18. Rfxd1 Kh8 19. b3 Rg8 20. c4 bxc4
21. Bxc4 Bxc4 22. Nxc4 Rg7 23. Rd7 Nf5 24. Rad1 Rag8 25. g3 h5 26. Ra7 h4 27.
Rxa6 hxg3 28. fxg3 Nxg3 29. hxg3 Rxg3+ 30. Kf2 Rg2+ 31. Ke3 R8g3+ 32. Ke4 Re2+
33. Kd5 Rg5 34. b4 e4+ 35. Kd6 1/2-1/2

[Event "DEM U10/U10w 2006"]
[Site "Willingen GER"]
[Date "2006.06.07"]
[Round "7"]
[White "Azizi, Nassim"]
[Black "Spiegelberg, Silvia"]
[Result "1-0"]
[Termination "normal"]
[Board "19"]
[WhiteElo "1331"]
[BlackElo "1046"]
[PlyCount "69"]
[WhiteFideId "4608119"]
[BlackFideId "24654450"]
[EventCountry "GER"]
[EventRounds "11"]
[EventType "swiss"]
[EventDate "2006.06.03"]

1. e4 e5 2. Nf3 Nc6 3. Bb5 Nf6 4. Bxc6 dxc6 5. Nc3 Bd6 6. O-O O-O 7. d3 Be6 8.
Be3 Re8 9. Qd2 Qe7 10. Rad1 Rad8 11. Ng5 Bd7 12. f4 Ng4 13. fxe5 Nxe3 14. exd6
Qxg5 15. Rde1 Bh3 16. Rxe3 Rxd6 17. Re2 Qxd2 18. Rxd2 Bg4 19. h3 Bh5 20. g4 Bg6
21. Rf3 Bxe4 22. Re3 g6 23. Rxe4 Rxe4 24. Nxe4 Rd4 25. Kf2 f5 26. gxf5 gxf5 27.
Ng3 Rd5 28. Kf3 Kf7 29. Rf2 Kf6 30. Ke3 c5 31. Ne4+ Ke5 32. Nc3 Rd4 33. Ne2 Rh4
34. Ng1 c4 35. Nf3+ 1-0

[Event "DEM U10/U10w 2006"]
[Site "Willingen GER"]
[Date "2006.06.07"]
[Round "7"]
[White "Holle, Cedric"]
[Black "Winterholler, Christina"]
[Result "1-0"]
[Termination "normal"]
[Board "22"]
[WhiteElo "1049"]
[BlackElo "1332"]
[PlyCount "61"]
[WhiteFideId "24692158"]
[BlackFideId "24652105"]
[EventCountry "GER"]
[EventRounds "11"]
[EventType "swiss"]
[EventDate "2006.06.03"]

1. e4 e5 2. Nf3 Nc6 3. Bc4 Bc5 4. c3 Nf6 5. d4 exd4 6. cxd4 Bb4+ 7. Nc3 h6 8.
O-O d6 9. h3 O-O 10. Re1 Re8 11. Qc2 b6 12. Bb5 Bd7 13. a3 Bxc3 14. Qxc3 Ne7
15. Bc4 Ng6 16. Qb3 Re7 17. Bd2 Qe8 18. Re3 Nxe4 19. Rae1 Nf6 20. Nh4 Nxh4 21.
Rxe7 Qc8 22. Rxf7 Kh8 23. Bxh6 gxh6 24. Rxf6 Qb7 25. Rxh6+ Kg7 26. Rxh4 Re8 27.
Qg3+ Kf6 28. Rf4+ Bf5 29. Rxe8 Qc6 30. Rf8+ Ke7 31. Qg7# 1-0

[Event "DEM U10/U10w 2006"]
[Site "Willingen GER"]
[Date "2006.06.07"]
[Round "7"]
[White "Scholz, Andre"]
[Black "Preiß, Vincent"]
[Result "0-1"]
[Termination "normal"]
[Board "23"]
[WhiteElo "1034"]
[BlackElo "1289"]
[PlyCount "114"]
[BlackFideId "24660850"]
[EventCountry "GER"]
[EventRounds "11"]
[EventType "swiss"]
[EventDate "2006.06.03"]

1. e4 e5 2. f4 exf4 3. Nf3 Nf6 4. e5 Nd5 5. c4 Nb6 6. d4 d5 7. cxd5 Nxd5 8. Bc4
Nb6 9. Bxf4 Bg4 10. O-O Nc6 11. Be2 Bxf3 12. Bxf3 Qxd4+ 13. Qxd4 Nxd4 14. Bxb7
Rd8 15. Nc3 Nc4 16. b3 Bc5 17. Ne4 Ne2+ 18. Kh1 Bd4 19. Bc6+ Kf8 20. Rad1 Nxf4
21. Rxf4 Nxe5 22. Ba4 Ke7 23. Ng3 Bc3 24. Rxd8 Rxd8 25. h3 Ng6 26. Rf3 Be5 27.
Re3 Rd1+ 28. Kh2 f6 29. b4 Ra1 30. Re2 h5 31. h4 Nxh4 32. Kh3 Ng6 33. Nf5+ Kf8
34. g3 Rh1+ 35. Kg2 Rb1 36. b5 Rb2 37. Rxb2 Bxb2 38. Ne3 h4 39. gxh4 Nxh4+ 40.
Kg3 Bd4 41. Nc2 Nf5+ 42. Kf4 g6 43. Ke4 Bb6 44. Nb4 Ke7 45. Nd5+ Ke6 46. Nf4+
Kf7 47. Bb3+ Kg7 48. Ne6+ Kh6 49. Nf8 Nd6+ 50. Kd5 Nxb5 51. Ke6 f5 52. Kf6 Bd4+
53. Kf7 Nd6+ 54. Ke6 f4 55. Kd5 f3 56. Bc2 Bg7 57. Ne6 Nf5 0-1

[Event "DEM U10/U10w 2006"]
[Site "Willingen GER"]
[Date "2006.06.07"]
[Round "7"]
[White "Berger, Nadja"]
[Black "Haferland, Konstantin"]
[Result "0-1"]
[Termination "normal"]
[Board "24"]
[WhiteElo "801"]
[BlackElo "1277"]
[PlyCount "92"]
[WhiteFideId "24692212"]
[EventCountry "GER"]
[EventRounds "11"]
[EventType "swiss"]
[EventDate "2006.06.03"]

1. d4 d5 2. Bf4 Nc6 3. e3 Nf6 4. Nd2 Bf5 5. Ngf3 e6 6. Ne5 Nxe5 7. Bxe5 Bd6 8.
Bg3 O-O 9. Bd3 c5 10. Nf3 Rc8 11. Bxf5 exf5 12. c3 Re8 13. Ne5 Re6 14. O-O Qe7
15. f4 Ne4 16. Qc2 f6 17. Nf3 Qd7 18. Nh4 g6 19. Rf3 Re7 20. Re1 Rf8 21. Rff1
Rfe8 22. Rf3 Qc7 23. Qc1 Qb6 24. Qc2 Rc7 25. Qb3 Qxb3 26. axb3 Nd2 27. Rf2 Nxb3
28. Rfe2 Rce7 29. Nf3 Na5 30. Bh4 Bxf4 31. Bxf6 Re6 32. exf4 Rxe2 33. Rxe2 Rxe2
34. dxc5 Rxb2 35. Ne5 Nc6 36. Nd3 Rb5 37. Kf2 a5 38. Ke2 a4 39. Kd2 b6 40. cxb6
Rxb6 41. Nc5 a3 42. Kd3 a2 43. c4 d4 44. Ne6 a1=Q 45. Nxd4 Nxd4 46. Bxd4 Rd6
0-1